000 00626nam a2200181Ia 4500
008 100921s9999 xx 000 0 und d
082 _b42932
_a920 न 07
100 _aभोगले प्रभाकर.
245 _aकोकणरंग.
260 _bवसंतश्री प्रकाशन,बोरीवली.
_c2007
300 _a112
_bजयेश एजन्सी,पुणे.
365 _b100
520 _aचरित्रे-आठवणी.
630 _aकोकणरंग.
650 _aचरित्रे-आठवणी.
730 _aकोकणरंग.
942 _cBOOK
999 _c792045
_d792042